[Event "Sarajevo Bosna op 49th"]
[Site "Sarajevo"]
[Date "2019.04.30"]
[Round "6"]
[White "Strinic, Hamdija"]
[Black "Bavcic, Fuad"]
[Result "1-0"]
[WhiteElo "1751"]
[BlackElo "1681"]
[PlyCount "79"]
[EventDate "2019.04.27"]
[EventType "swiss"]
[EventRounds "9"]
[EventCountry "BIH"]
[SourceTitle "CBM 190 Extra"]
[Source "ChessBase"]
[SourceDate "2019.07.15"]
[SourceVersion "1"]
[SourceVersionDate "2019.07.15"]
[SourceQuality "1"]

1. e4 e6 2. d4 d5 3. Nd2 c5 4. dxc5 Bxc5 5. Qg4 g6 6. e5 Qb6 7. Nh3 Nc6 8. Qa4 Bd7 9. Bb5 Nxe5 10. Bxd7+ Nxd7 11. 0-0 Qc6 12. Qg4 Ngf6 13. Qh4 Be7 14. Qd4 Qxc2 15. Nb3 Qe4 16. Qc3 Bb4 17. Qc7 b6 18. Bh6 Ke7 19. Bg7 Rhc8 20. Bxf6+ Ke8 21. Qg3 Nxf6 22. Ng5 Qc2 23. Nd4 Qxb2 24. Qe5 Be7 25. Nxf7 Kxf7 26. Qxe6+ Kf8 27. Nc6 Rc7 28. Rae1 Qa3 29. Ne5 Bd8 30. Nc6 Rac8 31. Nxd8 Rxd8 32. Qxf6+ Rf7 33. Qxd8+ Kg7 34. Qxd5 Qa4 35. Re4 Qa3 36. Rd1 a6 37. Qe5+ Kg8 38. Rd8+ Rf8 39. Rxf8+ Qxf8 40. Rd4 1-0

[Event "Sarajevo Bosna op 49th"]
[Site "Sarajevo"]
[Date "2019.04.28"]
[Round "3"]
[White "Bavcic, Fuad"]
[Black "Medic, Nevenko"]
[Result "0-1"]
[WhiteElo "1681"]
[BlackElo "1983"]
[PlyCount "118"]
[EventDate "2019.04.27"]
[EventType "swiss"]
[EventRounds "9"]
[EventCountry "BIH"]
[SourceTitle "CBM 190 Extra"]
[Source "ChessBase"]
[SourceDate "2019.07.15"]
[SourceVersion "1"]
[SourceVersionDate "2019.07.15"]
[SourceQuality "1"]

1. d4 d5 2. Bf4 Nf6 3. h3 e6 4. Nf3 c5 5. e3 Nc6 6. c3 Bd6 7. Bxd6 Qxd6 8. Bd3 0-0 9. 0-0 e5 10. dxe5 Nxe5 11. Be2 Bf5 12. Nbd2 Rad8 13. Nxe5 Qxe5 14. Nf3 Qc7 15. Nh2 a6 16. Bg4 Bg6 17. Qe2 Rfe8 18. Rfc1 c4 19. Qd1 Ne4 20. Nf1 Nc5 21. Be2 Bd3 22. Ng3 f5 23. Bxd3 Nxd3 24. Rc2 f4 25. Nf1 Qe5 26. Rd2 fxe3 27. Nxe3 Nxf2 28. Rxf2 Qxe3 29. Qd2 Qc5 30. Rd1 Rf8 31. Qd4 Qxd4 32. Rxd4 Rxf2 33. Kxf2 Kf7 34. h4 Ke6 35. g4 Ke5 36. h5 Rf8+ 37. Ke3 Rf1 38. Rd2 b5 39. a3 Re1+ 40. Kf3 h6 41. Kf2 Re4 42. Kf3 a5 43. Rd1 Rf4+ 44. Kg3 Rf7 45. Re1+ Kd6 46. Re2 b4 47. axb4 axb4 48. Rd2 bxc3 49. bxc3 Kc5 50. Re2 Rd7 51. Kf4 Rf7+ 52. Kg3 Rd7 53. Re3 Rf7 54. Re1 Kb5 55. Rb1+ Ka4 56. Rb4+ Ka3 57. Rb5 Rd7 58. Rb4 d4 59. Rxc4 d3 0-1

[Event "Sarajevo Bosna op 49th"]
[Site "Sarajevo"]
[Date "2019.04.28"]
[Round "2"]
[White "Bunjo, Adnan"]
[Black "Bavcic, Fuad"]
[Result "1/2-1/2"]
[WhiteElo "1974"]
[BlackElo "1681"]
[PlyCount "110"]
[EventDate "2019.04.27"]
[EventType "swiss"]
[EventRounds "9"]
[EventCountry "BIH"]
[SourceTitle "CBM 190 Extra"]
[Source "ChessBase"]
[SourceDate "2019.07.15"]
[SourceVersion "1"]
[SourceVersionDate "2019.07.15"]
[SourceQuality "1"]

1. e4 e6 2. d4 d5 3. exd5 exd5 4. Nf3 Bd6 5. Bd3 Ne7 6. 0-0 Bf5 7. Re1 Bxd3 8. Qxd3 0-0 9. Bg5 f6 10. Bh4 c6 11. Nbd2 Na6 12. a3 Nc7 13. c4 Ng6 14. c5 Bf4 15. Bg3 Qd7 16. b4 Rae8 17. Nf1 Rxe1 18. Rxe1 Re8 19. Ne3 Re7 20. a4 a6 21. Nf5 Rxe1+ 22. Nxe1 Qe6 23. Kf1 Ne8 24. Nc2 Kf7 25. Nce3 Qe4 26. Qxe4 dxe4 27. d5 cxd5 28. Nxd5 Bxg3 29. Nxg3 Ke6 30. Nb6 f5 31. Ne2 Ne5 32. f4 exf3 33. Nd4+ Kf6 34. gxf3 g6 35. Nd5+ Kf7 36. b5 axb5 37. axb5 Nd3 38. c6 bxc6 39. bxc6 Nd6 40. Nb6 Ne8 41. Nb5 Ne5 42. Nd4 Nc7 43. Nc8 Nc4 44. Kf2 f4 45. Na7 Ne5 46. Nc8 Ke8 47. Nd6+ Ke7 48. Ne4 h6 49. h4 Ne6 50. Nxe6 Kxe6 51. c7 Kd7 52. Nc5+ Kxc7 53. Ne6+ Kd6 54. Nxf4 g5 55. hxg5 hxg5 1/2-1/2

[Event "Sarajevo Galijatovic Memorial"]
[Site "Sarajevo"]
[Date "2019.02.14"]
[Round "2"]
[White "Bavcic, Fuad"]
[Black "Haskovic, Salih"]
[Result "1-0"]
[WhiteElo "1643"]
[BlackElo "1824"]
[PlyCount "73"]
[EventDate "2019.02.13"]
[EventType "swiss"]
[EventRounds "7"]
[EventCountry "BIH"]
[SourceTitle "CBM 189 Extra"]
[Source "ChessBase"]
[SourceDate "2019.06.03"]
[SourceVersion "1"]
[SourceVersionDate "2019.06.03"]
[SourceQuality "1"]

1. d4 d5 2. c4 e6 3. a3 Nf6 4. Nc3 c6 5. c5 Nbd7 6. Nf3 Be7 7. h3 0-0 8. Bf4 Nxc5 9. dxc5 Bxc5 10. e3 h6 11. Be2 Nh5 12. Be5 f6 13. Bh2 g5 14. Nd4 Ng7 15. 0-0 e5 16. Nc2 Be6 17. b4 Be7 18. Na4 b6 19. Nb2 Kh8 20. f4 gxf4 21. exf4 e4 22. Nd4 Bd7 23. Rc1 c5 24. Nb3 Bc6 25. f5 Rg8 26. Rf2 Rc8 27. Ba6 Rb8 28. Bxb8 Qxb8 29. b5 Ba8 30. Qd2 d4 31. Nxd4 cxd4 32. Qxd4 e3 33. Qxe3 Nxf5 34. Rxf5 Rxg2+ 35. Kf1 Qg8 36. Rc8 Qxc8 37. Bxc8 1-0

[Event "Sarajevo Bosna op 48th"]
[Site "Sarajevo"]
[Date "2018.05.08"]
[Round "5"]
[White "Bavcic, Fuad"]
[Black "Cabric, Izet"]
[Result "0-1"]
[WhiteElo "1694"]
[BlackElo "1885"]
[PlyCount "137"]
[EventDate "2018.05.05"]
[EventType "swiss"]
[EventRounds "9"]
[EventCountry "BIH"]
[SourceTitle "CBM 184 Extra"]
[Source "ChessBase"]
[SourceDate "2018.06.28"]
[SourceVersion "1"]
[SourceVersionDate "2018.06.28"]
[SourceQuality "1"]

1. d4 Nf6 2. c4 c5 3. e3 g6 4. Nc3 cxd4 5. exd4 Bg7 6. Be2 0-0 7. Nf3 d6 8. h3 a6 9. 0-0 Qc7 10. Bf4 b6 11. Rc1 Nbd7 12. Re1 Bb7 13. d5 Nc5 14. b4 Ncd7 15. Bd3 Rfe8 16. Qb3 Rac8 17. Na4 Qd8 18. Nc3 Nf8 19. Nd2 e5 20. Bg5 h6 21. Bxf6 Bxf6 22. Nce4 Bg7 23. c5 dxc5 24. bxc5 Bxd5 25. Bc4 Bxc4 26. Nxc4 bxc5 27. Ncd6 c4 28. Qa4 Qd7 29. Qxd7 Nxd7 30. Nxe8 Rxe8 31. Rxc4 f5 32. Nd6 Re6 33. Rc8+ Bf8 34. Nc4 e4 35. f3 Nf6 36. Kf2 Kf7 37. Rd1 Be7 38. f4 g5 39. g3 Nh5 40. fxg5 hxg5 41. g4 fxg4 42. hxg4 Nf6 43. Ne3 Bd6 44. Kg2 Bf4 45. Kf2 Bxe3+ 46. Kxe3 Nxg4+ 47. Ke2 Nf6 48. Rc5 Kg6 49. Rg1 g4 50. Ke3 Rd6 51. Rxg4+ Nxg4+ 52. Kxe4 Nf6+ 53. Ke5 Rb6 54. Ra5 Kf7 55. Kf5 Ke7 56. Re5+ Kd7 57. a4 Ne8 58. Rd5+ Kc6 59. Ke5 Rb4 60. Rd4 a5 61. Rd8 Nc7 62. Rd6+ Kc5 63. Rd7 Rb7 64. Rd1 Rb2 65. Rc1+ Kb6 66. Rc4 Na6 67. Kd4 Rb4 68. Kc3 Rxc4+ 69. Kxc4 0-1